000 006490000a22002050004500
999 _c54125
_d54125
001 768714001
003 CO-MdFUSB
005 20170811123815.0
008 170811s2000 xxu||||| |||| 00| 0 eng d
022 _a0098-9444
040 _aCO-MdFUSB
_bspa
_cCO-MdFUSB
_dCO-MdFUSB
041 _aeng
100 1 _aRitmeyer, Lee
_eautor
245 1 0 _aWhere was the temple?
_bthe debate goes on
300 _aVolumen 26. Número 2 (2000), Páginas 52-61
_c28 cm.
546 _aTexto en inglés
700 1 _aKaufman, Asher S.
773 0 _tBiblical Archaeology Review
_049395
_959475
_gVolumen 26. Número 2 (2000), Páginas 52-61
_qPágina 52
942 _cANA